[Event "AUT2O-chT 1998/99"]
[Site "Moedling"]
[Date "1999.01.17"]
[Round "7.1"]
[White "Pingitzer, Harald"]
[Black "Lanc, Alois"]
[Result "1-0"]
[WhiteElo "2300"]
[BlackElo "2405"]
[PlyCount "51"]
[EventDate "1999.01.16"]

1. d4 g6 2. g3 Bg7 3. Bg2 Nf6 4. Nf3 O-O 5. O-O d6 6. b3 c6 7. Bb2 Bf5 8. c4
Qd7 9. Re1 a5 10. Nc3 Bh3 11. Bh1 h6 12. e4 Na6 13. Qd2 Qc7 14. Rac1 Rfd8 15.
e5 dxe5 16. Nxe5 Ng4 17. Nxg4 Bxg4 18. Qe3 Bxd4 19. Qxh6 Nc5 20. Nd5 Rxd5 21.
Bxd5 Bxb2 22. Qxg6+ Bg7 23. Qxf7+ Kh8 24. Rxe7 Qxe7 25. Qxe7 cxd5 26. Qh4+ 1-0

[Event "AUT2O-chT 1998/99"]
[Site "Moedling"]
[Date "1999.01.17"]
[Round "7.5"]
[White "Kuba, Guenter"]
[Black "Steinwender, Peter"]
[Result "1-0"]
[WhiteElo "2235"]
[BlackElo "2125"]
[PlyCount "49"]
[EventDate "1999.01.16"]

1. e4 e5 2. Nc3 Nf6 3. g3 Bc5 4. Bg2 O-O 5. Nge2 Nc6 6. O-O a6 7. h3 d6 8. Kh2
b5 9. a3 Bb7 10. f4 Nd4 11. d3 h6 12. Nxd4 Bxd4 13. Ne2 Bb6 14. g4 Kh7 15. Ng3
Ng8 16. g5 exf4 17. Bxf4 g6 18. h4 hxg5 19. hxg5 Bd4 20. c3 Be5 21. Qg4 Ne7 22.
Qh4+ Kg8 23. Bxe5 dxe5 24. Rf3 Nc6 25. Rh1 1-0

[Event "AUT2O-chT 1998/99"]
[Site "Moedling"]
[Date "1999.01.17"]
[Round "7.6"]
[White "Koller, Hubert"]
[Black "Schwab, Rene"]
[Result "1/2-1/2"]
[WhiteElo "2160"]
[BlackElo "2285"]
[PlyCount "73"]
[EventDate "1999.01.16"]

1. e4 c6 2. d3 g6 3. Nf3 Bg7 4. g3 d6 5. Bg2 Bg4 6. Nbd2 Qc8 7. c3 Bh3 8. O-O
Bxg2 9. Kxg2 Nd7 10. Qe2 Ngf6 11. d4 Nh5 12. Nh4 e5 13. Nc4 Qc7 14. dxe5 dxe5
15. Nf5 O-O 16. Nxg7 Kxg7 17. Rd1 Rad8 18. Bg5 f6 19. Be3 Nb6 20. Rxd8 Rxd8 21.
Bxb6 axb6 22. Rd1 b5 23. Ne3 Kf8 24. Ng4 Rd6 25. Rd3 Qd7 26. Rxd6 Qxd6 27. a3
Qd7 28. Ne3 Ng7 29. Qd1 Qxd1 30. Nxd1 Ne6 31. b4 Ke7 32. Kf3 f5 33. h4 Nc7 34.
Ke3 Ne8 35. f3 Nd6 36. Nb2 Kf6 37. g4 1/2-1/2

[Event "AUT2O-chT 1998/99"]
[Site "Moedling"]
[Date "1999.01.17"]
[Round "7.1"]
[White "Vlcek, Stanislav"]
[Black "Palkoevi, Jozsef"]
[Result "1/2-1/2"]
[WhiteElo "2185"]
[BlackElo "2435"]
[PlyCount "96"]
[EventDate "1999.01.16"]

1. e4 Nf6 2. e5 Nd5 3. d4 d6 4. Nf3 g6 5. Bc4 dxe5 6. Nxe5 c6 7. O-O Bg7 8. Nd2
Nd7 9. Ndf3 O-O 10. Qe2 Nxe5 11. Nxe5 Nb6 12. Bb3 Qxd4 13. Nf3 Qd6 14. Bg5 Re8
15. Rad1 Qc7 16. Rfe1 e5 17. Nd2 h6 18. Bh4 Be6 19. c4 f5 20. f3 Nd7 21. Kh1
Nc5 22. Bc2 Bf7 23. Bg3 a5 24. b3 Qe7 25. Qf1 Qf8 26. h4 h5 27. Qg1 Bf6 28. Bf2
Ne6 29. g4 hxg4 30. fxg4 Qh6 31. Nf3 fxg4 32. Qxg4 Nf8 33. Be3 Qg7 34. Nd2 Be6
35. Qg3 Bf5 36. Be4 Kf7 37. Rf1 Qh7 38. Bg5 Bxg5 39. Qxg5 Ne6 40. Qg4 Rh8 41.
Bxf5 Qxh4+ 42. Qxh4 Rxh4+ 43. Kg2 gxf5 44. Rxf5+ Ke7 45. Nf3 Rg4+ 46. Kf2 Rag8
47. Nxe5 Rg2+ 48. Kf1 R2g3 1/2-1/2

[Event "AUT2O-chT 1998/99"]
[Site "Moedling"]
[Date "1999.01.17"]
[Round "7.2"]
[White "Rumpl, Erwin"]
[Black "Bachofner, Andreas"]
[Result "0-1"]
[WhiteElo "2210"]
[BlackElo "2165"]
[PlyCount "112"]
[EventDate "1999.01.16"]

1. d4 f5 2. Nc3 d5 3. Bf4 c6 4. e3 Nf6 5. Bd3 g6 6. Nf3 Bg7 7. h4 Be6 8. Ne2
Nbd7 9. c3 h6 10. Ne5 Bf7 11. f3 Nh5 12. Nxf7 Kxf7 13. g4 Nxf4 14. exf4 e6 15.
h5 gxh5 16. gxf5 h4 17. Qc2 Bf6 18. O-O-O exf5 19. Bxf5 Ke7 20. Kb1 Kd6 21. Nc1
Rg8 22. Bg4 Nf8 23. Qf5 Kc7 24. Nd3 Qe7 25. Rhe1 Qg7 26. Bh5 a6 27. Re2 Rd8 28.
a3 Rd6 29. Re8 Qd7 30. Qxd7+ Rxd7 31. Rde1 Rd8 32. Rxd8 Bxd8 33. Bg4 Nh7 34.
Re6 Nf6 35. Ne5 Nxg4 36. fxg4 h5 37. gxh5 h3 38. Ng6 h2 39. Re1 Bh4 40. Rh1 Bg3
41. f5 Re8 42. Kc2 Re1 43. Rxh2 Bxh2 44. h6 Rh1 45. h7 Be5 46. dxe5 Rxh7 47. f6
Rh2+ 48. Kd3 Rf2 49. c4 Kd7 50. cxd5 cxd5 51. Kd4 Ke6 52. Nf8+ Kf7 53. Nd7 Rd2+
54. Kc3 Rd1 55. Nb8 Rc1+ 56. Kd2 Rc8 0-1

[Event "AUT2O-chT 1998/99"]
[Site "Moedling"]
[Date "1999.01.17"]
[Round "7.3"]
[White "Bachofner, Christian"]
[Black "Wadsack, Wolfgang"]
[Result "1/2-1/2"]
[WhiteElo "2050"]
[BlackElo "2180"]
[PlyCount "51"]
[EventDate "1999.01.16"]

1. e4 e6 2. d4 d5 3. Nc3 Bb4 4. e5 c5 5. a3 Bxc3+ 6. bxc3 Ne7 7. a4 Bd7 8. Nf3
Qa5 9. Bd2 Nbc6 10. Be2 Qc7 11. O-O O-O-O 12. Qc1 f6 13. dxc5 fxe5 14. a5 a6
15. Qa3 Nf5 16. Rfb1 e4 17. Ng5 Rdf8 18. Rb6 h6 19. Nh3 Nb8 20. Rab1 Bc6 21.
Nf4 Rf6 22. Qb3 Rhf8 23. Nh5 R6f7 24. Nf4 Rf6 25. Nh5 R6f7 26. Nf4 1/2-1/2

[Event "AUT2O-chT 1998/99"]
[Site "Moedling"]
[Date "1999.01.17"]
[Round "7.4"]
[White "Bachmayer, Josef"]
[Black "Steinert, Martin"]
[Result "0-1"]
[WhiteElo "2160"]
[BlackElo "2145"]
[PlyCount "134"]
[EventDate "1999.01.16"]

1. d4 d5 2. Nc3 Nf6 3. Bg5 Bf5 4. Bxf6 exf6 5. e3 c6 6. Bd3 Bxd3 7. Qxd3 Qb6 8.
Rb1 Qa6 9. Qf5 Be7 10. Nge2 O-O 11. e4 dxe4 12. Qxe4 Re8 13. O-O Nd7 14. Qf3 c5
15. Rbd1 cxd4 16. Nxd4 Ne5 17. Qg3 Bf8 18. Nf5 Qe6 19. Ne3 Bc5 20. Ned5 Rac8
21. Ne4 Kh8 22. b3 h6 23. c4 Bf8 24. Nec3 a6 25. a4 Bd6 26. Nf4 Qe7 27. Ncd5
Qf8 28. Qh3 Bc5 29. Nh5 Red8 30. Ng3 Nd7 31. Nf5 Kh7 32. Rfe1 g6 33. Nfe7 Rb8
34. b4 Bxe7 35. Rxe7 Ne5 36. Rc7 Qd6 37. Qb3 Kg7 38. f4 Nd7 39. f5 g5 40. Re1
Re8 41. Rxe8 Rxe8 42. Qg3 Ne5 43. Rxb7 Qc6 44. Rc7 Qxa4 45. h3 Qd1+ 46. Kh2 Qd4
47. Qb3 Qf2 48. b5 g4 49. hxg4 Qh4+ 50. Kg1 Nf3+ 51. Qxf3 Re1+ 52. Qf1 Rxf1+
53. Kxf1 axb5 54. cxb5 Qxg4 55. Nxf6 Qxf5+ 56. Kg1 Qxf6 57. Rc2 Qa1+ 58. Kh2
Qe5+ 59. Kg1 Qxb5 60. Rf2 Qc5 61. Kf1 Qc1+ 62. Ke2 Qg1 63. Kf3 Kg6 64. Re2 Kg5
65. Re8 Qf1+ 66. Kg3 Qf4+ 67. Kh3 Qh4# 0-1

[Event "AUT2O-chT 1998/99"]
[Site "Moedling"]
[Date "1999.01.17"]
[Round "7.5"]
[White "Hofbauer, Peter"]
[Black "Wadsack, Winfried"]
[Result "1-0"]
[WhiteElo "2100"]
[BlackElo "2130"]
[PlyCount "46"]
[EventDate "1999.01.16"]

1. e4 d5 2. exd5 Nf6 3. d4 Nxd5 4. Nf3 g6 5. c3 Bg7 6. Bd3 O-O 7. Qc2 Nc6 8. h4
e5 9. h5 f5 10. dxe5 Nxe5 11. Nxe5 Bxe5 12. hxg6 hxg6 13. Nd2 Nf4 14. Bc4+ Be6
15. g3 Bxc4 16. gxf4 Bg7 17. Nxc4 Qd5 18. Rg1 Qxc4 19. Rxg6 Kh7 20. Rg3 Rfe8+
21. Be3 Bh6 22. O-O-O Qxa2 23. Rd7+ Qf7 1-0

[Event "AUT2O-chT 1998/99"]
[Site "Moedling"]
[Date "1999.01.17"]
[Round "7.2"]
[White "Lau, Ralph"]
[Black "Wiedner, Robert"]
[Result "1-0"]
[WhiteElo "2445"]
[BlackElo "2190"]
[PlyCount "25"]
[EventDate "1999.01.16"]

1. e4 c5 2. Nf3 d6 3. d4 a6 4. dxc5 dxc5 5. Qxd8+ Kxd8 6. Nc3 Bd7 7. Ne5 Be8 8.
Bf4 Nf6 9. O-O-O+ Nfd7 10. Na4 Kc8 11. Nc4 b5 12. Nab6+ Kb7 13. Nxa8 1-0

[Event "AUT2O-chT 1998/99"]
[Site "Moedling"]
[Date "1999.01.17"]
[Round "7.3"]
[White "Hechl, Gerald"]
[Black "Hangweyrer, Manfred"]
[Result "0-1"]
[WhiteElo "2190"]
[BlackElo "2370"]
[PlyCount "50"]
[EventDate "1999.01.16"]

1. e4 g6 2. d4 Bg7 3. Nc3 d6 4. Bc4 Nc6 5. Be3 Nf6 6. f3 O-O 7. Qd2 a6 8. a4 e5
9. Nge2 Bd7 10. O-O Rb8 11. a5 {Remisgebot} 11... exd4 12. Nxd4 Re8 13. Nxc6
bxc6 14. Rab1 Bc8 15. Bg5 Qe7 16. Bb3 Qf8 17. Be3 h6 18. Qf2 Kh7 19. Qh4 Re5
20. Bxh6 Bxh6 21. Qxf6 Rxb3 22. f4 Bg7 23. fxe5 Bxf6 24. Rxf6 Rxc3 25. bxc3 Be6
0-1

[Event "AUT2O-chT 1998/99"]
[Site "Moedling"]
[Date "1999.01.17"]
[Round "7.2"]
[White "Stranz, Richard"]
[Black "Ligezinski, Martin"]
[Result "1/2-1/2"]
[WhiteElo "2255"]
[BlackElo "2165"]
[PlyCount "60"]
[EventDate "1999.01.16"]

1. e4 d5 2. exd5 Nf6 3. d4 Bg4 4. Nf3 Qxd5 5. Be2 Nc6 6. c4 Qh5 7. Be3 O-O-O 8.
Nbd2 e5 9. d5 Nd4 10. Nxd4 exd4 11. Bxg4+ Nxg4 12. Bxd4 Re8+ 13. Kf1 Bb4 14. h3
f5 15. Kg1 Bxd2 16. hxg4 Qg5 17. Qc2 Re4 18. Bxg7 Rg8 19. gxf5 Rg4 20. f6 Rxg2+
21. Kf1 Rxf2+ 22. Kxf2 Qe3+ 23. Kg2 Qe2+ 24. Kg3 Qe3+ 25. Kg2 Qg5+ 26. Kf2 Qf4+
27. Kg2 Qg4+ 28. Kf2 Qf4+ 29. Kg2 Qg4+ 30. Kf2 Qf4+ 1/2-1/2

[Event "AUT2O-chT 1998/99"]
[Site "Moedling"]
[Date "1999.01.17"]
[Round "7.3"]
[White "Kuthan, Andreas"]
[Black "Ranits, Franz"]
[Result "0-1"]
[WhiteElo "2190"]
[BlackElo "2220"]
[PlyCount "82"]
[EventDate "1999.01.16"]

1. Nf3 g6 2. e4 Bg7 3. d4 c6 4. Nc3 d5 5. h3 Nf6 6. Bd3 Nxe4 7. Nxe4 dxe4 8.
Bxe4 Nd7 9. c3 Qc7 10. O-O O-O 11. Re1 c5 12. Bg5 Nf6 13. Bd3 Be6 14. c4 Rad8
15. d5 Bc8 16. Qb3 Rfe8 17. Nd2 Kf8 18. Re2 h6 19. Bh4 Nh5 20. Re3 Bd4 21. Rf3
g5 22. Qd1 gxh4 23. Rxf7+ Kxf7 24. Qxh5+ Kf8 25. Nf3 Bg7 26. Bg6 Qf4 27. Nxh4
Qg5 28. Bxe8 Rxe8 29. Qf3+ Qf6 30. Ng6+ Kg8 31. Nf4 Rf8 32. g3 Bxh3 33. Re1 Bd7
34. Qb3 b6 35. Qe3 Rf7 36. Nh5 Qg5 37. Qe2 Bg4 38. f4 Qxh5 39. Qe3 Kf8 40. Qe4
Bd4+ 41. Kf1 Qh3+ 0-1

[Event "AUT2O-chT 1998/99"]
[Site "Moedling"]
[Date "1999.01.17"]
[Round "7.4"]
[White "Krpelan, Wolfgang"]
[Black "Petzer, Reinhard"]
[Result "0-1"]
[WhiteElo "2190"]
[BlackElo "2135"]
[PlyCount "110"]
[EventDate "1999.01.16"]

1. Nf3 Nf6 2. g3 g6 3. Bg2 Bg7 4. O-O O-O 5. c4 d6 6. Nc3 e5 7. d3 h6 8. Bd2
Be6 9. Qb3 Bc8 10. Rfd1 Nc6 11. e3 Rb8 12. Rac1 Bg4 13. h3 Be6 14. Nd5 Qd7 15.
Nxf6+ Bxf6 16. Kh2 Bg7 17. d4 e4 18. Ng1 d5 19. Bf1 g5 20. cxd5 Bxd5 21. Bc4
Bxc4 22. Qxc4 Qf5 23. Be1 Rfc8 24. Qa4 Bf8 25. a3 Bd6 26. Ne2 a6 27. Qc2 Re8
28. Nc3 Rbd8 29. Qe2 Ne7 30. Qg4 Qg6 31. Qxe4 f5 32. Qg2 Qh5 33. e4 fxe4 34.
Nxe4 Nd5 35. Bb4 Bxb4 36. axb4 Qf7 37. Re1 Rf8 38. Re2 Nf4 39. Qf1 Nxe2 40.
Qxe2 Rxd4 41. Rc2 c6 42. Nc5 Rxb4 43. Rd2 Rb5 44. Qe3 Re8 45. Qd4 Re7 46. Qd6
Kg7 47. f3 Qf6 48. Qxf6+ Kxf6 49. Ne4+ Kg6 50. Rd6+ Kg7 51. Rd2 Rd5 52. Rc2 Rd3
53. Kg2 Re5 54. g4 Kf7 55. Kg3 Rxe4 0-1

[Event "AUT2O-chT 1998/99"]
[Site "Moedling"]
[Date "1999.01.17"]
[Round "7.1"]
[White "Polak, Thomas"]
[Black "Koutsin, Sergej"]
[Result "1/2-1/2"]
[WhiteElo "2525"]
[BlackElo "2415"]
[PlyCount "37"]
[EventDate "1999.01.16"]

1. d4 Nf6 2. c4 e6 3. Nf3 d5 4. Nc3 Be7 5. Bg5 O-O 6. e3 Nbd7 7. Rc1 dxc4 8.
Bxc4 c5 9. O-O a6 10. a4 cxd4 11. exd4 Nb6 12. Bb3 Bd7 13. Ne5 Bc6 14. Nxc6
bxc6 15. Ne2 Qd7 16. a5 Nbd5 17. Ba4 Rfc8 18. Rc4 Rab8 19. Qb1 1/2-1/2

[Event "AUT2O-chT 1998/99"]
[Site "Moedling"]
[Date "1999.01.17"]
[Round "7.2"]
[White "Miniboeck, Guenter"]
[Black "Groetz, Harald"]
[Result "1/2-1/2"]
[WhiteElo "2350"]
[BlackElo "2225"]
[PlyCount "112"]
[EventDate "1999.01.16"]

1. d4 Nf6 2. c4 g6 3. Nc3 Bg7 4. e4 d6 5. f3 c6 6. Be3 a6 7. e5 dxe5 8. dxe5
Qxd1+ 9. Rxd1 Ng8 10. f4 Nh6 11. Nf3 Bg4 12. Be2 Nd7 13. h3 Bxf3 14. Bxf3 Nf5
15. Bf2 h5 16. g4 hxg4 17. hxg4 Rxh1+ 18. Bxh1 Nh6 19. Bf3 Nf8 20. Ne4 Ne6 21.
Be3 Rd8 22. Rxd8+ Kxd8 23. b4 Kc7 24. Ke2 f6 25. exf6 exf6 26. Nc5 Nxc5 27.
Bxc5 f5 28. g5 Nf7 29. Kd3 Nd8 30. Bd4 Bf8 31. Be5+ Kd7 32. c5 a5 33. a3 axb4
34. axb4 Ne6 35. Bd1 Be7 36. Bb3 Bd8 37. Kc3 Be7 38. Bc4 Bd8 39. Kd3 Be7 40.
Ba2 Bd8 41. Kc3 Be7 42. Kd3 Bd8 43. Bc4 Be7 44. Ke3 Bd8 45. Kf3 Be7 46. Bf6 Bf8
47. Ke3 Be7 48. Bxe7 Kxe7 49. Bxe6 Kxe6 50. Kd4 Kd7 51. Ke5 Ke7 52. Kd4 Ke6 53.
Kc4 Kd7 54. b5 Ke7 55. bxc6 bxc6 56. Kd4 Kd7 1/2-1/2

[Event "AUT2O-chT 1998/99"]
[Site "Moedling"]
[Date "1999.01.17"]
[Round "7.5"]
[White "Schirmbeck, Hannes"]
[Black "Rudolf, Herbert"]
[Result "1/2-1/2"]
[WhiteElo "2165"]
[BlackElo "2190"]
[PlyCount "20"]
[EventDate "1999.01.16"]

1. e4 Nf6 2. e5 Nd5 3. d4 d6 4. Bc4 c6 5. Nf3 Bg4 6. h3 Bxf3 7. Qxf3 dxe5 8.
dxe5 e6 9. O-O Nd7 10. Rd1 Qc7 1/2-1/2

[Event "AUT2O-chT 1998/99"]
[Site "Moedling"]
[Date "1999.01.17"]
[Round "7.1"]
[White "Vavrak, Peter"]
[Black "Banas, Jan"]
[Result "1/2-1/2"]
[WhiteElo "2200"]
[BlackElo "2425"]
[PlyCount "41"]
[EventDate "1999.01.16"]

1. c4 g6 2. Nc3 c5 3. g3 Bg7 4. Bg2 Nc6 5. b3 e6 6. Bb2 Nge7 7. Nf3 O-O 8. O-O
d5 9. Na4 Bxb2 10. Nxb2 d4 11. Nd3 Qd6 12. Ng5 b6 13. f4 Bb7 14. a3 Na5 15.
Bxb7 Nxb7 16. b4 f6 17. Nf3 Kg7 18. Qa4 Rfc8 19. Rfc1 Rc6 20. Rab1 h6 21. Qa6
1/2-1/2

[Event "AUT2O-chT 1998/99"]
[Site "Moedling"]
[Date "1999.01.17"]
[Round "7.2"]
[White "Neubauer, Martin"]
[Black "Hardt, Christian"]
[Result "1-0"]
[WhiteElo "2305"]
[BlackElo "2135"]
[PlyCount "77"]
[EventDate "1999.01.16"]

1. g3 Nf6 2. Bg2 g6 3. d4 Bg7 4. e4 d6 5. Nc3 O-O 6. Nge2 e5 7. h3 c6 8. Be3
Qe7 9. O-O Na6 10. g4 Re8 11. Ng3 Nc7 12. d5 cxd5 13. exd5 b6 14. a4 Bb7 15.
Qd2 Nd7 16. a5 b5 17. Na2 Na6 18. Nb4 Nxb4 19. Qxb4 Ba6 20. Ne4 Bf8 21. g5 Rec8
22. Qd2 Rc7 23. f4 Rac8 24. Rac1 f5 25. gxf6 Nxf6 26. Nxf6+ Qxf6 27. fxe5 Qxe5
28. Bd4 Bh6 29. Qf2 Qh5 30. Qf6 Bg7 31. Qe6+ Kh8 32. Bxg7+ Kxg7 33. Qxd6 Bb7
34. Qf6+ Kh6 35. Rf4 Rc4 36. Rxc4 bxc4 37. Re1 Bxd5 38. Qf4+ Kg7 39. Qd4+ 1-0

[Event "AUT2O-chT 1998/99"]
[Site "Moedling"]
[Date "1999.01.17"]
[Round "7.3"]
[White "Angerer, Michael"]
[Black "Fusi, Christoph"]
[Result "1/2-1/2"]
[WhiteElo "2085"]
[BlackElo "2250"]
[PlyCount "59"]
[EventDate "1999.01.16"]

1. b3 e5 2. Bb2 Nc6 3. g3 d5 4. Bg2 Be6 5. Nf3 Bd6 6. d4 e4 7. Nfd2 f5 8. e3
Nf6 9. c4 h5 10. a3 h4 11. Nc3 Kf7 12. Qc2 hxg3 13. hxg3 Rxh1+ 14. Bxh1 Na5 15.
cxd5 Nxd5 16. Ncxe4 fxe4 17. Bxe4 Qd7 18. Bg6+ Kf8 19. O-O-O Qc6 20. Qxc6 bxc6
21. Rh1 Ne7 22. Rh8+ Ng8 23. b4 Nb3+ 24. Nxb3 Bxb3 25. e4 a5 26. b5 cxb5 27. d5
Rd8 28. Bh7 Kf7 29. e5 Bxe5 30. Bxg8+ 1/2-1/2

[Event "AUT2O-chT 1998/99"]
[Site "Moedling"]
[Date "1999.01.17"]
[Round "7.4"]
[White "Zetthofer, Gerald"]
[Black "Simon, Walter"]
[Result "1-0"]
[WhiteElo "2210"]
[BlackElo "2070"]
[PlyCount "91"]
[EventDate "1999.01.16"]

1. Nf3 Nf6 2. c4 g6 3. Nc3 Bg7 4. g3 d6 5. d4 O-O 6. Bg2 Nc6 7. O-O Bf5 8. b3
e5 9. e3 Ne4 10. Bb2 Nxc3 11. Bxc3 Be4 12. d5 Ne7 13. Rc1 c5 14. dxc6 bxc6 15.
c5 Bxf3 16. Qxf3 d5 17. Qe2 a5 18. a3 Qc7 19. b4 axb4 20. axb4 Rfb8 21. Qb2 f6
22. Ra1 Qd7 23. Rxa8 Rxa8 24. Ra1 Rb8 25. Ra4 h5 26. h4 Kh7 27. Kh2 Rb7 28. Ra8
Ra7 29. Rxa7 Qxa7 30. b5 cxb5 31. Qxb5 e4 32. Bf1 Qa2 33. Kg1 Qa8 34. Qd7 Qa3
35. Bd4 Nf5 36. c6 Nxd4 37. exd4 e3 38. c7 exf2+ 39. Kxf2 Qb2+ 40. Kg1 Qxd4+
41. Kh2 f5 42. c8=Q f4 43. Qc2 fxg3+ 44. Kh3 Qf4 45. Bd3 Kh6 46. Qe8 1-0